Sanat - "Maailman kaunein laulu" - Aatulove - Statistics

Yleistilastot
  • Tätä visaa on pelattu 16 kertaa
  • Keskiarvotulos 167 / 243
Vastaustilastot
Vastaus % Oikein
et
100%
itkemään
100%
kaunein
100%
kuin
100%
kun
100%
laulu
100%
100%
100%
maailma
100%
maailman
100%
Miten
100%
miten
100%
saada
100%
sut
100%
voi
100%
ja
92%
on
92%
tapahtuu
92%
aina
85%
avaruus
85%
elämä
85%
elämää
85%
jatkaa
85%
joku
85%
kaunis
85%
kuolee
85%
luottaa
85%
me
85%
niin
85%
pohjaton
85%
suru
85%
toinen
85%
voit
85%
ei
77%
kaksin
77%
oo
77%
oon
77%
vaan
77%
vaik
77%
eikö
69%
hei
69%
lyö
69%
sen
69%
taistellaan
69%
turpaan
69%
kii
62%
pidä
62%
repii
62%
sisko
62%
takaisin
62%
umpikujiin
62%
jos
54%
aamu
46%
itteeni
46%
jälkeen
46%
kirkkain
46%
pimeimmän
46%
sarastaa
46%
tehny
46%
virheitä
46%
yön
46%
haukkonu
38%
henkeeni
38%
lattial
38%
monsteri
38%
pään
38%
sisäinen
38%
ajanu
31%
kevenee
31%
nauramalla
31%
olo
31%
peittäny
31%
sanois
31%
taas
31%
teen
31%
toivonu
31%
välil
31%
edelleen
23%
googlannu
23%
hengittää
23%
itkua
23%
kuollakseen
23%
mihinkään
23%
musta
23%
pelänny
23%
sitä
23%
vihannu
23%
ettiny
15%
itteni
15%
oma
15%
osumii
15%
särkenyt
15%
sun
15%
sydämii
15%
voittanu
15%
halunnu
8%
joka
8%
kaamoksen
8%
kaaoksen
8%
koittaa
8%
nousta
8%
ohjeita
8%
uusi
8%
välttäny
8%
yrittää
8%
alku
0%
eikä
0%
kääntää
0%
sisällä
0%
valoi
0%
voitoks
0%
Ehtoja vastaavia visoja ei löytynyt
Tulosjakauma
Jokaisen tuloksen saaneiden osuus
Persentiili vastausten määrän mukaan
Tuloshistoriasi
Et ole pelannut tätä visaa